Statistiken für Mannschaften der Mittelrheinliga 2023/24

Klicken Sie hier um das Quiz zu spielen!

Allgemein

  • Dieses Quiz wurde 9 mal gespielt
  • Das Durchschnittsergebnis liegt bei 10 aus 16

Antwortstatistiken

Mannschaften% Korrekt
Bonner SC
88%
FC Hürth
88%
SpVg Frechen 20
88%
FC Hennef 05
75%
SV Eintracht Hohkeppel
75%
VfL 08 Vichttal
75%
BC Viktoria Glesch-Paffendorf
63%
SC Borussia Freialdenhoven
63%
SC Fortuna Köln II⁠
63%
SV Bergisch Gladbach 09
63%
FC Union Schafhausen
50%
FV Bonn-Endenich
50%
Germania Teveren
50%
Siegburger SV
50%
SpVg Porz
38%
TuS Königsdorf
25%

Verteilung der Resultate

Perzentil nach korrekt beantworteten Fragen

Anzahl Personen mit jedem Resultat

Ihre Resultats-Entwicklung

Sie haben dieses Quiz noch nicht gespielt